000 00736nam a2200217 4500
999 _c170390
_d170390
005 20191213160030.0
010 _aENG-127137
020 _a9789353940348
_c475.00
035 _aEN-110669
037 _bDBAD/PUB
082 _a658
100 _aBeech, John
245 _aThe business of events management /
_bed.by John Beech, Sebastian Kaiser [and] Robert Kaspar
260 _aNoida
_bPearson India Education
_c2020
270 _a15th Floor, Tower-b, World Trade Tower, Plot No.-1, Block -C, Sector 16
_bNoida
_e201301
300 _axxii;391p.
_c24cm(pbk)
500 _aIncludes bibliographical references and index
700 _aKaiser, Sebastian
700 _aKaspar, Robert
942 _2ddc
_cEN
_h658
_mBEE